000 00796nam a2200229 a 4500
001 000006784
005 20250428130105.0
008 090902s2008 dr ac 000 0dspa d
020 _a9789945162370
040 _aDO-SdBNP
_bspa
_cBNPHU
082 _a280.4092
_bO77v
100 1 _aOrtíz Jiménez, Pedro Celestino,
_d1923-
_918856
245 1 0 _aVida en ministerio /
_cPedro Celestino Ortíz Jiménez; edición David Ortíz Alburquerque.
260 _aSanto Domingo :
_bBúho,
_c2008.
300 _a147 p. :
_bil., retrs ;
_c20 cm.
590 _aInventariado, 2018/ YL
650 0 _aProtestantismo
_94373
650 4 _aVida espiritual
_xCristianismo
_9899
650 4 _aDirección espiritual
_96470
700 1 _aOrtíz Alburquerque, David,
_eed.
_918857
910 _aValidado. Control de calidad EMS
999 _c6572
_d6572